000 02702cam a2200397 i 4500
001 21568658
003 NUST
005 20240305143743.0
006 m |o d |
007 cr |||||||||||
008 200616s2021 enk ob 001 0 eng
010 _a 2020027653
020 _a9780367619978
038 _aMalang Jan
040 _aDLC
_beng
_cDLC
_erda
_dDLC
042 _apcc
050 0 0 _aNK1505
082 0 0 _a124
_223
_bWAL
100 1 _aWalker, Stuart,
_d1955-
_eauthor.
_925897
245 1 0 _aDesign and spirituality :
_ba philosophy of material cultures /
_cStuart Walker.
264 1 _aAbingdon, Oxon ;
_aNew York, NY :
_bRoutledge, Taylor and Francis Group,
_c2021.
300 _a314p.:
_bill;
336 _atext
_btxt
_2rdacontent
337 _acomputer
_bc
_2rdamedia
338 _aonline resource
_bcr
_2rdacarrier
504 _aIncludes bibliographical references and index.
520 _a"Design and Spirituality examines the philosophical context of our current situation and its implications for design. It explores how modernity and our constricted notions of progress have contributed to today's crisis of values, and argues for a re-establishment and re-affirmation of self-transcending priorities, together with an ethos of moderation and sufficiency. A wide range of topics are covered, including material culture and spiritual teachings; sustainability and the spiritual perspective; traditional and indigenous knowledge; technology and spirituality; notions of meaningful design; and how particular material things can have deeper, symbolic significance. There are also reflections on areas such as the language of design; busyness and its relationship to wisdom; design and social disparity; and traditional sacred practices. While not avoiding issues that are controversial, and sometimes hard-hitting, Design and Spirituality gets to the heart of the key issues affecting us today and presents them in a highly readable and accessible format. The author is a leading thinker in the field and he presents his arguments in a manner that invites the reader to reflect and think about where we are going, why we are going there and what really matters"--
_cProvided by publisher.
588 _aDescription based on print version record and CIP data provided by publisher.
650 0 _aDesign
_xPhilosophy.
_9121839
650 0 _aSocial values.
_94491
650 0 _aMaterial culture.
_9121840
776 0 8 _iPrint version:
_aWalker, Stuart, 1955-
_tDesign and spirituality
_dAbingdon, Oxon ; New York : Routledge, 2021.
_z9780367619862
_w(DLC) 2020027652
906 _a7
_bcbc
_corignew
_d1
_eecip
_f20
_gy-gencatlg
942 _2ddc
_cBK
999 _c608553
_d608553